History Quiz

Random History or Numbers Quiz

September 11th Victims by Nationality Quiz Stats

 Plays Quiz Updated Dec 29, 2018

     
Support Sporcle.
Go Orange.
Score 0/54 Timer 06:00
4 Plays Today
Country of Origin % Correct
United States
99.5%
Canada
94.3%
Mexico
94.2%
United Kingdom
92.5%
France
92.4%
China
91.4%
Germany
89.2%
Japan
89.1%
Spain
86.6%
Russia
86.4%
Brazil
84.5%
Italy
83.1%
Australia
79.4%
India
78.9%
Argentina
74.5%
Sweden
74.1%
Ireland
73.1%
Portugal
72%
South Africa
70.4%
New Zealand
65.8%
Chile
65.5%
South Korea
64.4%
Poland
64.4%
Switzerland
59.6%
Peru
58.9%
Netherlands
57.7%
Israel
56.9%
Country of Origin % Correct
Colombia
56.4%
Belgium
54.3%
Venezuela
51.3%
Indonesia
49.8%
Jamaica
46.7%
Ukraine
45.9%
Haiti
44.4%
Dominican Republic
41.7%
Philippines
40%
Ecuador
39.6%
Honduras
38.4%
Nigeria
37.3%
Malaysia
33.4%
Taiwan
32.9%
El Salvador
31.4%
Jordan
27.9%
Bangladesh
26.3%
Belarus
25.4%
Lithuania
23.8%
Lebanon
23.4%
Ghana
19.6%
Guyana
19.5%
Democratic Republic of the Congo
18.3%
Trinidad and Tobago
11.7%
Cote d'Ivoire
9.2%
Moldova
9%
Uzbekistan
8.9%

From the Vault

'B' in Asia

by beforever

Hang on, there's no 'B' in Asia...
Remove Ads.
Support Sporcle.
Get the best of Sporcle when you Go Orange. This ad-free experience offers more features, more stats, and more fun while also helping to support Sporcle. Thank you for becoming a member.

Show Comments

Extras

Top Quizzes Today


Score Distribution

Your Account Isn't Verified!

In order to create a playlist on Sporcle, you need to verify the email address you used during registration. Go to your Sporcle Settings to finish the process.

Report this User

Report this user for behavior that violates our Community Guidelines.

Details: